000
00270nam a2200097Ia 4500
001
854680
005
20250826174556.0
008
250824s9999 xx 000 0 und d
245
0
_a
OSMANLI GÜNLÜKLERİ:SON SULTANLAR
_c
SEVİNÇ KUŞOĞLU
260
_b
GENÇ TİMAŞ YAYINLARI
999
_c
854680
_d
854680